Welcome to the Holygrace Academy Library

Please use search bar below to get started

HOW TO GROW UP (Record no. 6759)

MARC details
000 -LEADER
fixed length control field 00312nam a22001337a 4500
020 ## - INTERNATIONAL STANDARD BOOK NUMBER
ISBN 819219221-0
082 ## - DEWEY DECIMAL CLASSIFICATION NUMBER
Classification number 158
Item number HAR/H
100 ## - MAIN ENTRY--AUTHOR NAME
Personal name HARIHARAPUTHRAN
245 ## - TITLE STATEMENT
Title HOW TO GROW UP
260 ## - PUBLICATION, DISTRIBUTION, ETC. (IMPRINT)
Place of publication TRIVANDRUNM
Name of publisher ADDONE
300 ## - PHYSICAL DESCRIPTION
Number of Pages 144
650 ## - SUBJECT ADDED ENTRY--TOPICAL TERM
Topical Term SUCCESS STORIES,INSPIRING PRINCIPLES
Geographic subdivision TRIVANDRUM
942 ## - ADDED ENTRY ELEMENTS (KOHA)
Koha item type Books
Holdings
Withdrawn status Lost status Collection code Home library Current library Shelving location Date acquired Source of acquisition Full call number Accession Number Koha item type
    Reference Main Library Main Library SHELF-17-L-BIOGRAPHIES & AUTOBIOGRAPHIES 06/10/2015 PURCHASE 158 HAR/H 03772 Books